|
|
|
|
| LEADER |
00000cam a2200000 a 4500 |
| 001 |
vtls001175206 |
| 003 |
SK-MaSNL |
| 005 |
20260301002525.0 |
| 008 |
240226s1995 xo ae frp 000 0 slo |
| 015 |
|
|
|a SNBA1996/0400987
|
| 020 |
|
|
|a 8022507199
|
| 035 |
|
|
|a SNK000118202
|
| 035 |
|
|
|a urn:nbn:sk:snk-amljex
|
| 035 |
|
|
|a urn:nbn:sk:snk-am00bmdk
|
| 035 |
|
|
|a DC70B607-BDA7-446C-967D-5C12A2771C23
|
| 040 |
|
|
|a SNK
|b slo
|c SNK
|e AACR2
|
| 041 |
0 |
|
|a slo
|
| 044 |
|
|
|a xo
|c SK
|
| 080 |
|
|
|a 347.73(075.8)
|2 1981
|
| 100 |
1 |
|
|a Grúň, Ľubomír
|4 aut
|9 278206
|
| 245 |
1 |
0 |
|a Základy finančného práva
|c Ľubomír Grúň, Jozef Králik
|
| 250 |
|
|
|a 1. vyd.
|
| 260 |
|
|
|a Bratislava
|b Ekonóm
|c 1995
|
| 300 |
|
|
|a 102 s.
|c 29 cm
|
| 504 |
|
|
|a Bibliogr. na s. 102
|
| 650 |
0 |
7 |
|a finančné právo
|2 SNKPH
|9 2223
|
| 655 |
|
7 |
|a učebnice vysokých škôl
|2 SNKPH
|9 70191
|
| 700 |
1 |
|
|a Králik, Jozef,
|d 1953-
|4 aut
|9 192793
|
| 919 |
|
|
|a 80-225-0719-9
|
| 958 |
0 |
7 |
|a RM
|
| 958 |
0 |
7 |
|a NB
|
| 958 |
0 |
7 |
|a UV
|
| 999 |
|
|
|c 537539
|d 539469
|
| 952 |
|
|
|t P60, <04>, [BOOK], {604}
|a SNK
|b SNK
|y VYP
|7 0
|p 17A0000518
|o snkSB 55178 D1
|i snkKSP 02323/96
|0 0
|1 0
|4 0
|d 1996-02-22
|l 0
|r 2005-01-01 00:00:00
|w 2026-02-23
|
| 952 |
|
|
|t P60, <09>, [BOOK], {629}
|a SNK
|b SNK
|y NEVYP
|7 0
|o snkB 259
|i snk847/960229
|0 0
|1 0
|4 0
|d 1996-02-22
|l 0
|r 2005-01-01 00:00:00
|w 2026-02-23
|
| 952 |
|
|
|t P60, <03>, [BOOK], {603}
|a SNK
|b SNK
|y PREZ
|7 0
|p 17A0000517
|o snkSB 55178
|i snkKSP 02322/96
|0 0
|1 0
|4 0
|d 1996-02-22
|f 1
|l 0
|r 2025-03-28 00:00:00
|w 2026-02-23
|